| 000 | 00971aam a2200373 4500 | ||
|---|---|---|---|
| 005 | 20250819111939.0 | ||
| 008 | 150309b2008 xxu||||| |||| 00| 0 spa d | ||
| 020 | _a9789702610793 | ||
| 041 | _aESP | ||
| 082 | _a339 C337p | ||
| 100 |
_aCase, Karl _915960 |
||
| 100 |
_aFair, Ray _915961 |
||
| 245 | _aPrincipios de macroeconomía | ||
| 250 | _a8 edición | ||
| 260 | _aMéxico | ||
| 260 | _bPearson Educación | ||
| 260 | _c2008 | ||
| 300 | _a552 páginas | ||
| 490 | _aDirección y Administración de Empresas | ||
| 650 | _aMACROECONOMÍA | ||
| 650 | _aECONOMÍA | ||
| 650 | _aOFERTA | ||
| 650 | _aDEMANDA | ||
| 650 | _aEQUILIBRIO DE MERCADO | ||
| 650 | _aINFLACIÓN | ||
| 650 | _aECONOMÍAS EN VÍAS DE DESARROLLO | ||
| 650 | _aECONOMÍA MUNDIAL | ||
| 650 | _aPRODUCCIÓN DE EQUILIBRIO | ||
| 650 | _aPOLÍTICA FISCAL | ||
| 650 | _aPOLÍTICA MONETARIA | ||
| 650 | _aMERCADO ACCIONARIO | ||
| 650 | _aGLOBALIZACIÓN | ||
| 942 |
_cBK _2ddc |
||
| 999 |
_c3769 _d3769 |
||